000
00287nam a22001337a 4500
020
_a
0-7214-2044-3
082
_a
823
_b
JEA/L
100
_a
JEAN
100
_a
ADAMSON, GARETH
245
_a
LITTLE SHOPPERS
260
_a
LONDON
_b
LADYBIRD
650
_a
ENGLISH SHORT STORY
_z
UK
942
_c
BK
999
_c
4100
_d
4100